Statystyki dla Czyje to były kolonie?

Kliknij tutaj aby rozwiązać quiz!

Ogólne statystyki

  • Ten quiz został rozwiązany 855 razy
  • Średni wynik to 12 z 15

Statystyki odpowiedzi

KoloniaKolonizator% Poprawnych
AlgieriaFrancja
97%
NigerFrancja
94%
LibiaWłochy
91%
NigeriaWielka brytania
90%
Sahara zachodniaHiszpania
87%
KeniaWielka brytania
83%
MaliFrancja
80%
MadagaskarFrancja
80%
GabonFrancja
78%
AngolaPortugalia
78%
SomaliaWłochy
75%
BostwanaWielka brytania
74%
ErytreaWłochy
73%
RwandaBelgia
67%
MozambikHiszpania
51%

Rozkład punktacji

Percentyl według liczby udzielonych odpowiedzi

Procent ludzi z każdym wynikiem

Twoja historia wyników

Nie rozwiązałeś tego quizu